Why we need a new welfare state /
Gespeichert in:
| 1. Verfasser: | |
|---|---|
| Weitere Verfasser: | |
| Format: | Text |
| Veröffentlicht: |
New York:
Oxford University Press
|
| Tags: |
Tag hinzufügen
Keine Tags, Fügen Sie den ersten Tag hinzu!
|
MARC
| LEADER | 00000 a a2200000 04500 | ||
|---|---|---|---|
| 001 | 31384 | ||
| 003 | |||
| 040 | |||
| 020 | |a 0-19-925643-8 | ||
| 090 | |a 198300 | ||
| 100 | |a Esping - Andersen, Gosta | ||
| 245 | |a Why we need a new welfare state / |c Gosta Esping - Andersen | ||
| 260 | |a New York: |b Oxford University Press | ||
| 300 | |a xxvi, 244 p. | ||
| 700 | |a Gallie, Duncan |a Hemerijck, Anton |a Myles, John | ||
| 999 | |c 12711 |d 12711 | ||



